header

Challenging genetic determinism (Record no. 86821)

MARC details
000 -LEADER
fixed length control field 02208nam a2200457 a 4500
082 04 - DEWEY DECIMAL CLASSIFICATION NUMBER
Classification number 576.5/3
245 10 - TITLE STATEMENT
Title Challenging genetic determinism
260 ## - PUBLICATION, DISTRIBUTION, ETC. (IMPRINT)
Place of publication Montreal ;
-- Ithaca, N.Y. :
Name of publisher McGill-Queen's University Press,
Year of publication c2011.
300 ## - PHYSICAL DESCRIPTION
Number of Pages xx, 319 p. :
Other physical details ill.
500 ## - GENERAL NOTE
General note Papers previously presented at the 2007 Fall Symposium of the Royal Society of Canada, under the auspices of the Social Sciences Academy, Academy II.
505 0# - FORMATTED CONTENTS NOTE
Formatted contents note section 1. Genes and personality traits -- section 2. Social and ethical issues challenging genes and environment interplays -- section 3. Interactive models of genes and environment interplays : some examples and observations.
650 #0 - SUBJECT ADDED ENTRY--TOPICAL TERM
Topical Term Personality
Topical Term Genotype-environment interaction
Topical Term Phenotype
Topical Term Behavior genetics
Topical Term Human genetics
Topical Term Human genetics
700 1# - ADDED ENTRY--PERSONAL NAME
Personal name Maheu, Louis.
Personal name Macdonald, Roderick A.
856 40 - ELECTRONIC LOCATION AND ACCESS
Uniform Resource Identifier http://site.ebrary.com/lib/rucke/Doc?id=10577765

No items available.

© 2026 Rongo University
Contact us: librarian | system librarian | Rongo university